[Event "Rapid Tournament (RAP)"]
[Site "Biel, CH"]
[Date "2025.07.13"]
[Round "5"]
[White "Moesching, Colin"]
[Black "Flueckiger, Georg"]
[Result "1/2-1/2"]
[Board "43"]
[WhiteFideId "1345036"]
[BlackFideId "1342592"]
[WhiteElo "1751"]
[BlackElo "1895"]
[WhiteTeam "SUI"]
[BlackTeam "SUI"]
[WhiteClock "0:01:20"]
[BlackClock "0:06:45"]
[Variant "Standard"]

1. Nf3 {[%clk 0:14:47]}  Nf6 {[%clk 0:15:05]} 2. g3 {[%clk 0:14:40]}  b6 {[%clk 0:15:09]} 3. Bg2 {[%clk 0:14:41]}  Bb7 {[%clk 0:15:12]} 4. O-O {[%clk 0:14:42]}  e6 {[%clk 0:15:03]} 5. d4 {[%clk 0:14:44]}  d5 {[%clk 0:15:06]} 6. c4 {[%clk 0:14:28]}  c6 {[%clk 0:15:09]} 7. Qc2 {[%clk 0:14:24]}  Be7 {[%clk 0:15:07]} 8. Nbd2 {[%clk 0:14:27]}  O-O {[%clk 0:15:08]} 9. e4 {[%clk 0:14:23]}  dxe4 {[%clk 0:15:06]} 10. Nxe4 {[%clk 0:14:25]}  c5 {[%clk 0:14:47]} 11. Nxf6+ {[%clk 0:14:04]}  Bxf6 {[%clk 0:14:49]} 12. Rd1 {[%clk 0:14:05]}  cxd4 {[%clk 0:14:38]} 13. Bf4 {[%clk 0:13:37]}  Qe7 {[%clk 0:14:27]} 14. Be5 {[%clk 0:12:47]}  Bxe5 {[%clk 0:14:27]} 15. Nxe5 {[%clk 0:12:50]}  Bxg2 {[%clk 0:14:30]} 16. Kxg2 {[%clk 0:12:53]}  f6 {[%clk 0:14:05]} 17. Nd3 {[%clk 0:12:48]}  e5 {[%clk 0:14:08]} 18. c5 {[%clk 0:12:35]}  bxc5 {[%clk 0:13:47]} 19. Nxc5 {[%clk 0:12:32]}  Rc8 {[%clk 0:13:16]} 20. Qe4 {[%clk 0:12:22]}  Nd7 {[%clk 0:13:01]} 21. Qd5+ {[%clk 0:10:56]}  Qf7 {[%clk 0:13:06]} 22. Qxf7+ {[%clk 0:10:31]}  Kxf7 {[%clk 0:13:08]} 23. Nxd7 {[%clk 0:10:34]}  Ke7 {[%clk 0:13:05]} 24. Nxe5 {[%clk 0:10:34]}  fxe5 {[%clk 0:13:08]} 25. Rd2 {[%clk 0:10:28]}  Rc5 {[%clk 0:12:57]} 26. Re1 {[%clk 0:10:23]}  Kf6 {[%clk 0:13:01]} 27. Re4 {[%clk 0:09:04]}  g5 {[%clk 0:12:51]} 28. f4 {[%clk 0:08:26]}  gxf4 {[%clk 0:12:44]} 29. gxf4 {[%clk 0:08:18]}  Kf5 {[%clk 0:11:21]} 30. Kf3 {[%clk 0:08:25]}  Rd8 {[%clk 0:11:07]} 31. fxe5 {[%clk 0:07:53]}  Rxe5 {[%clk 0:10:46]} 32. Rexd4 {[%clk 0:07:53]}  Rxd4 {[%clk 0:09:26]} 33. Rxd4 {[%clk 0:07:56]}  Rb5 {[%clk 0:09:30]} 34. b3 {[%clk 0:07:33]}  a5 {[%clk 0:08:59]} 35. Rh4 {[%clk 0:07:17]}  Kg6 {[%clk 0:09:02]} 36. Ke3 {[%clk 0:07:15]}  Re5+ {[%clk 0:09:01]} 37. Kd3 {[%clk 0:07:12]}  Rf5 {[%clk 0:09:00]} 38. Rg4+ {[%clk 0:06:28]}  Kh5 {[%clk 0:08:59]} 39. Ra4 {[%clk 0:06:31]}  h6 {[%clk 0:08:55]} 40. Ke3 {[%clk 0:05:27]}  Kg5 {[%clk 0:08:55]} 41. Re4 {[%clk 0:04:49]}  h5 {[%clk 0:08:53]} 42. h4+ {[%clk 0:05:03]}  Kg6 {[%clk 0:08:11]} 43. Re6+ {[%clk 0:05:04]}  Kf7 {[%clk 0:08:14]} 44. Ra6 {[%clk 0:04:57]}  Rc5 {[%clk 0:07:54]} 45. Kf4 {[%clk 0:04:42]}  Rb5 {[%clk 0:07:51]} 46. Ra7+ {[%clk 0:03:49]}  Kg6 {[%clk 0:07:49]} 47. Ra6+ {[%clk 0:04:43]}  Kg7 {[%clk 0:07:49]} 48. Rc6 {[%clk 0:04:28]}  a4 {[%clk 0:07:10]} 49. bxa4 {[%clk 0:03:26]}  Rb4+ {[%clk 0:07:14]} 50. Kg3 {[%clk 0:03:09]}  Rxa4 {[%clk 0:07:15]} 51. Rc7+ {[%clk 0:03:12]}  Kg6 {[%clk 0:07:16]} 52. Rc6+ {[%clk 0:03:15]}  Kf5 {[%clk 0:07:09]} 53. Rc5+ {[%clk 0:03:11]}  Kf6 {[%clk 0:07:00]} 54. Rc2 {[%clk 0:02:37]}  Rg4+ {[%clk 0:06:57]} 55. Kh3 {[%clk 0:02:38]}  Ra4 {[%clk 0:06:57]} 56. Rc6+ {[%clk 0:02:22]}  Kg7 {[%clk 0:06:56]} 57. Rc2 {[%clk 0:02:21]}  Kg6 {[%clk 0:06:57]} 58. Rg2+ {[%clk 0:01:54]}  Kh6 {[%clk 0:06:57]} 59. Rh2 {[%clk 0:01:25]}  Rg4 {[%clk 0:06:49]} 60. a3 {[%clk 0:01:26]}  Ra4 {[%clk 0:06:52]} 61. Ra2 {[%clk 0:01:23]}  Kg6 {[%clk 0:06:56]} 62. Kg3 {[%clk 0:01:24]}  Rg4+ {[%clk 0:06:59]} 63. Kf3 {[%clk 0:01:24]}  Rxh4 {[%clk 0:06:57]} 64. a4 {[%clk 0:01:28]}  Kg5 {[%clk 0:06:55]} 65. a5 {[%clk 0:01:31]}  Rf4+ {[%clk 0:06:58]} 66. Kg3 {[%clk 0:01:22]}  h4+ {[%clk 0:07:01]} 67. Kh3 {[%clk 0:01:25]}  Rf3+ {[%clk 0:06:57]} 68. Kg2 {[%clk 0:01:27]}  Rf7 {[%clk 0:06:35]} 69. a6 {[%clk 0:01:30]}  Ra7 {[%clk 0:06:38]} 70. Kh3 {[%clk 0:01:31]}  Kf5 {[%clk 0:06:37]} 71. Ra5+ {[%clk 0:01:19]}  Ke6 {[%clk 0:06:40]} 72. Kxh4 {[%clk 0:01:20]}  Kd6 {[%clk 0:06:45]} 1/2-1/2

[Event "Rapid Tournament (RAP)"]
[Site "Biel, CH"]
[Date "2025.07.13"]
[Round "5"]
[White "Jordan, Theodor"]
[Black "Pardoen, Oscar"]
[Result "1-0"]
[Board "44"]
[WhiteFideId "1353152"]
[BlackFideId "282499"]
[WhiteElo "1894"]
[BlackElo "1758"]
[WhiteTeam "SUI"]
[BlackTeam "BEL"]
[WhiteClock "0:01:01"]
[BlackClock "0:00:10"]
[Variant "Standard"]

1. e4 {[%clk 0:15:09]}  e5 {[%clk 0:15:09]} 2. Nf3 {[%clk 0:15:13]}  Nf6 {[%clk 0:15:13]} 3. Nxe5 {[%clk 0:15:17]}  d6 {[%clk 0:15:16]} 4. Nd3 {[%clk 0:15:21]}  Nxe4 {[%clk 0:15:17]} 5. Nc3 {[%clk 0:15:25]}  Nf6 {[%clk 0:15:13]} 6. Be2 {[%clk 0:15:29]}  Be7 {[%clk 0:15:17]} 7. Nf4 {[%clk 0:15:26]}  O-O {[%clk 0:15:09]} 8. O-O {[%clk 0:15:28]}  Bf5 {[%clk 0:15:02]} 9. d4 {[%clk 0:15:30]}  d5 {[%clk 0:15:03]} 10. Nd3 {[%clk 0:15:12]}  Nc6 {[%clk 0:14:50]} 11. Be3 {[%clk 0:14:55]}  h6 {[%clk 0:14:17]} 12. Bf3 {[%clk 0:15:38]}  Ne4 {[%clk 0:14:05]} 13. Bxe4 {[%clk 0:15:38]}  dxe4 {[%clk 0:13:21]} 14. Nf4 {[%clk 0:15:33]}  Bg5 {[%clk 0:12:56]} 15. Nfe2 {[%clk 0:14:31]}  Re8 {[%clk 0:12:23]} 16. Ng3 {[%clk 0:15:07]}  Bh7 {[%clk 0:12:05]} 17. Qd2 {[%clk 0:15:09]}  Bxe3 {[%clk 0:11:46]} 18. fxe3 {[%clk 0:15:11]}  f6 {[%clk 0:10:32]} 19. Qe2 {[%clk 0:14:40]}  Qe7 {[%clk 0:10:04]} 20. Qg4 {[%clk 0:13:40]}  Rad8 {[%clk 0:09:43]} 21. Nh5 {[%clk 0:14:51]}  f5 {[%clk 0:08:29]} 22. Qg3 {[%clk 0:14:54]}  Qf7 {[%clk 0:07:29]} 23. Nf4 {[%clk 0:14:07]}  Kh8 {[%clk 0:07:00]} 24. h4 {[%clk 0:13:57]}  Ne7 {[%clk 0:06:37]} 25. h5 {[%clk 0:14:43]}  c6 {[%clk 0:06:25]} 26. Kf2 {[%clk 0:14:32]}  Rd6 {[%clk 0:04:53]} 27. Ng6+ {[%clk 0:13:57]}  Bxg6 {[%clk 0:04:36]} 28. Qxd6 {[%clk 0:14:21]}  Bxh5 {[%clk 0:04:07]} 29. Ne2 {[%clk 0:14:01]}  Bxe2 {[%clk 0:04:20]} 30. Kxe2 {[%clk 0:13:24]}  Qc4+ {[%clk 0:03:50]} 31. Kd2 {[%clk 0:12:59]}  Nd5 {[%clk 0:02:44]} 32. a3 {[%clk 0:12:56]}  f4 {[%clk 0:02:37]} 33. Rxf4 {[%clk 0:11:52]}  Nxf4 {[%clk 0:02:24]} 34. Qxf4 {[%clk 0:11:30]}  c5 {[%clk 0:02:10]} 35. Qd6 {[%clk 0:11:41]}  cxd4 {[%clk 0:02:03]} 36. Qxd4 {[%clk 0:11:05]}  Qc7 {[%clk 0:00:35]} 37. Kc1 {[%clk 0:09:55]}  Qg3 {[%clk 0:01:31]} 38. b3 {[%clk 0:09:29]}  Qxg2 {[%clk 0:01:31]} 39. Kb2 {[%clk 0:09:11]}  Rf8 {[%clk 0:01:15]} 40. Qxa7 {[%clk 0:08:57]}  Rf7 {[%clk 0:01:09]} 41. Qb8+ {[%clk 0:08:14]}  Kh7 {[%clk 0:01:12]} 42. Qe5 {[%clk 0:08:10]}  Qf3 {[%clk 0:00:58]} 43. Qd4 {[%clk 0:07:17]}  h5 {[%clk 0:01:08]} 44. b4 {[%clk 0:06:19]}  h4 {[%clk 0:00:45]} 45. Qd8 {[%clk 0:06:10]}  h3 {[%clk 0:01:03]} 46. Qh4+ {[%clk 0:05:59]}  Kg8 {[%clk 0:01:07]} 47. Qd8+ {[%clk 0:05:58]}  Rf8 {[%clk 0:01:03]} 48. Qc7 {[%clk 0:05:04]}  Qxe3 {[%clk 0:01:00]} 49. Rh1 {[%clk 0:04:40]}  Rf3 {[%clk 0:00:29]} 50. Qd8+ {[%clk 0:03:56]}  Kh7 {[%clk 0:00:32]} 51. Qh4+ {[%clk 0:03:51]}  Kg6 {[%clk 0:00:36]} 52. Qg4+ {[%clk 0:03:48]}  Kf6 {[%clk 0:00:38]} 53. Qh4+ {[%clk 0:03:44]}  g5 {[%clk 0:00:35]} 54. Qh8+ {[%clk 0:03:30]}  Kf5 {[%clk 0:00:01]} 55. Qc8+ {[%clk 0:03:28]}  Kf4 {[%clk 0:00:42]} 56. Qc7+ {[%clk 0:03:19]}  Kg4 {[%clk 0:00:17]} 57. Qd7+ {[%clk 0:02:33]}  Rf5 {[%clk 0:00:28]} 58. Rf1 {[%clk 0:02:15]}  Kg3 {[%clk 0:00:09]} 59. Qxf5 {[%clk 0:01:45]}  h2 {[%clk 0:00:10]} 60. Rd1 {[%clk 0:01:01]} 1-0

[Event "Rapid Tournament (RAP)"]
[Site "Biel, CH"]
[Date "2025.07.13"]
[Round "5"]
[White "Lang, Fabian"]
[Black "Trubini, Timon"]
[Result "1-0"]
[Board "45"]
[WhiteFideId "1310160"]
[BlackFideId "1347799"]
[WhiteElo "1892"]
[BlackElo "1743"]
[WhiteTeam "SUI"]
[BlackTeam "SUI"]
[WhiteClock "0:06:50"]
[BlackClock "0:10:34"]
[Variant "Standard"]

1. d4 {[%clk 0:15:03]}  Nf6 {[%clk 0:15:09]} 2. Nf3 {[%clk 0:15:07]}  g6 {[%clk 0:15:13]} 3. g3 {[%clk 0:15:11]}  Bg7 {[%clk 0:15:13]} 4. Bg2 {[%clk 0:15:11]}  O-O {[%clk 0:15:13]} 5. O-O {[%clk 0:15:11]}  d5 {[%clk 0:15:13]} 6. c4 {[%clk 0:15:11]}  c6 {[%clk 0:15:29]} 7. cxd5 {[%clk 0:15:19]}  cxd5 {[%clk 0:15:29]} 8. Nc3 {[%clk 0:15:19]}  Nc6 {[%clk 0:15:29]} 9. Ne5 {[%clk 0:15:19]}  Nxe5 {[%clk 0:15:29]} 10. dxe5 {[%clk 0:15:19]}  Nd7 {[%clk 0:14:31]} 11. Qxd5 {[%clk 0:13:39]}  Nxe5 {[%clk 0:14:31]} 12. Rd1 {[%clk 0:13:39]}  Qxd5 {[%clk 0:14:31]} 13. Nxd5 {[%clk 0:13:39]}  Be6 {[%clk 0:13:50]} 14. Nxe7+ {[%clk 0:12:04]}  Kh8 {[%clk 0:13:50]} 15. Bxb7 {[%clk 0:12:04]}  Rab8 {[%clk 0:13:50]} 16. Bg2 {[%clk 0:12:04]}  Nc4 {[%clk 0:13:50]} 17. Nc6 {[%clk 0:12:04]}  Rb7 {[%clk 0:13:50]} 18. Nd4 {[%clk 0:12:04]}  Rd7 {[%clk 0:13:50]} 19. e3 {[%clk 0:12:04]}  Rb8 {[%clk 0:13:50]} 20. b3 {[%clk 0:12:04]}  Nb6 {[%clk 0:13:50]} 21. Ba3 {[%clk 0:12:04]}  a5 {[%clk 0:13:50]} 22. Rac1 {[%clk 0:12:04]}  Bxd4 {[%clk 0:10:45]} 23. exd4 {[%clk 0:06:57]}  Rbd8 {[%clk 0:10:34]} 24. Bc5 {[%clk 0:06:50]}  Nd5 {[%clk 0:10:34]} 25. a3 {[%clk 0:06:50]}  Rb8 {[%clk 0:10:34]} 26. b4 {[%clk 0:06:50]}  axb4 {[%clk 0:10:34]} 27. axb4 {[%clk 0:06:50]}  Nxb4 {[%clk 0:10:34]} 28. Rb1 {[%clk 0:06:50]}  Na6 {[%clk 0:10:34]} 29. Rxb8+ {[%clk 0:06:50]}  Nxb8 {[%clk 0:10:34]} 30. Ra1 {[%clk 0:06:50]}  Bd5 {[%clk 0:10:34]} 31. Bxd5 {[%clk 0:06:50]}  Rxd5 {[%clk 0:10:34]} 32. Ra8 {[%clk 0:06:50]}  Rd8 {[%clk 0:10:34]} 33. Be7 {[%clk 0:06:50]}  Re8 {[%clk 0:10:34]} 34. Bf6+ {[%clk 0:06:50]}  Kg8 {[%clk 0:10:34]} 35. Be5 {[%clk 0:06:50]}  f6 {[%clk 0:10:34]} 36. Rxb8 {[%clk 0:06:50]} 1-0

[Event "Rapid Tournament (RAP)"]
[Site "Biel, CH"]
[Date "2025.07.13"]
[Round "5"]
[White "Aryan Goyal"]
[Black "Ademi, Rexhe"]
[Result "1-0"]
[Board "46"]
[WhiteFideId "366108825"]
[BlackFideId "1350366"]
[WhiteElo "1884"]
[BlackElo "1688"]
[WhiteTeam "IND"]
[BlackTeam "SUI"]
[WhiteClock "0:05:25"]
[BlackClock "0:09:29"]
[Variant "Standard"]

1. Nf3 {[%clk 0:15:07]}  Nf6 {[%clk 0:15:08]} 2. c4 {[%clk 0:15:10]}  d6 {[%clk 0:15:11]} 3. g3 {[%clk 0:15:11]}  g6 {[%clk 0:15:13]} 4. b3 {[%clk 0:15:15]}  Bg7 {[%clk 0:15:15]} 5. Bb2 {[%clk 0:15:19]}  O-O {[%clk 0:15:16]} 6. Bg2 {[%clk 0:15:22]}  c5 {[%clk 0:15:15]} 7. d4 {[%clk 0:15:16]}  cxd4 {[%clk 0:14:53]} 8. Nxd4 {[%clk 0:15:17]}  e5 {[%clk 0:14:55]} 9. Nc2 {[%clk 0:14:34]}  Nc6 {[%clk 0:14:57]} 10. O-O {[%clk 0:14:36]}  Be6 {[%clk 0:14:45]} 11. Nc3 {[%clk 0:14:39]}  Rb8 {[%clk 0:14:21]} 12. Ne3 {[%clk 0:14:30]}  Nd4 {[%clk 0:14:16]} 13. Ncd5 {[%clk 0:14:29]}  Nxd5 {[%clk 0:14:14]} 14. Nxd5 {[%clk 0:14:29]}  Bxd5 {[%clk 0:14:01]} 15. Bxd5 {[%clk 0:14:29]}  Qe7 {[%clk 0:13:43]} 16. e3 {[%clk 0:14:24]}  Nc6 {[%clk 0:13:28]} 17. Qd2 {[%clk 0:14:27]}  Rbd8 {[%clk 0:13:26]} 18. Rad1 {[%clk 0:13:57]}  e4 {[%clk 0:13:17]} 19. Bxg7 {[%clk 0:13:00]}  Kxg7 {[%clk 0:13:19]} 20. Qc3+ {[%clk 0:12:55]}  f6 {[%clk 0:12:59]} 21. b4 {[%clk 0:12:51]}  Kh6 {[%clk 0:12:24]} 22. b5 {[%clk 0:12:46]}  Nb8 {[%clk 0:11:54]} 23. Qd4 {[%clk 0:12:37]}  f5 {[%clk 0:11:51]} 24. Qxa7 {[%clk 0:09:09]}  Nd7 {[%clk 0:11:52]} 25. Qd4 {[%clk 0:09:11]}  Ne5 {[%clk 0:11:56]} 26. Kg2 {[%clk 0:09:04]}  Qg5 {[%clk 0:11:54]} 27. f4 {[%clk 0:08:35]}  exf3+ {[%clk 0:11:54]} 28. Bxf3 {[%clk 0:08:36]}  b6 {[%clk 0:10:48]} 29. Be2 {[%clk 0:08:27]}  Ng4 {[%clk 0:10:00]} 30. Bxg4 {[%clk 0:08:09]}  fxg4 {[%clk 0:09:58]} 31. Rf4 {[%clk 0:07:49]}  Rxf4 {[%clk 0:09:56]} 32. Qxf4 {[%clk 0:07:47]}  Ra8 {[%clk 0:09:24]} 33. Qxg5+ {[%clk 0:07:38]}  Kxg5 {[%clk 0:09:27]} 34. Rd5+ {[%clk 0:07:41]}  Kf6 {[%clk 0:09:23]} 35. Rxd6+ {[%clk 0:07:44]}  Ke5 {[%clk 0:09:27]} 36. Rd2 {[%clk 0:07:34]}  Ra4 {[%clk 0:09:29]} 37. Rd4 {[%clk 0:06:34]}  Rxa2+ {[%clk 0:09:31]} 38. Kg1 {[%clk 0:06:33]}  h5 {[%clk 0:09:35]} 39. Rf4 {[%clk 0:05:42]}  Re2 {[%clk 0:09:33]} 40. Rf8 {[%clk 0:05:20]}  Rxe3 {[%clk 0:09:36]} 41. Re8+ {[%clk 0:05:24]}  Kd4 {[%clk 0:09:39]} 42. Rxe3 {[%clk 0:05:19]}  Kxe3 {[%clk 0:09:42]} 43. c5 {[%clk 0:05:15]}  bxc5 {[%clk 0:09:33]} 44. b6 {[%clk 0:05:19]}  c4 {[%clk 0:09:37]} 45. b7 {[%clk 0:05:24]}  c3 {[%clk 0:09:41]} 46. b8=Q {[%clk 0:05:12]}  c2 {[%clk 0:09:31]} 47. Qf4+ {[%clk 0:05:15]}  Ke2 {[%clk 0:09:23]} 48. Qc1 {[%clk 0:05:18]}  Kd3 {[%clk 0:09:26]} 49. Kf2 {[%clk 0:05:22]}  g5 {[%clk 0:09:29]} 50. Qxg5 {[%clk 0:05:19]}  Kc3 {[%clk 0:09:30]} 51. Qc1 {[%clk 0:05:19]}  Kd3 {[%clk 0:09:29]} 52. Ke1 {[%clk 0:05:22]}  Ke4 {[%clk 0:09:25]} 53. Qxc2+ {[%clk 0:05:26]}  Kf3 {[%clk 0:09:29]} 54. Qe2# {[%clk 0:05:25]} 1-0

[Event "Rapid Tournament (RAP)"]
[Site "Biel, CH"]
[Date "2025.07.13"]
[Round "5"]
[White "Mazzeo, Luigi"]
[Black "Ranieri, Pierpaolo"]
[Result "0-1"]
[Board "47"]
[WhiteFideId "1367510"]
[BlackFideId "893986"]
[WhiteElo "1658"]
[BlackElo "1882"]
[WhiteTeam "SUI"]
[BlackTeam "ITA"]
[WhiteClock "0:08:55"]
[BlackClock "0:14:03"]
[Variant "Standard"]

1. e4 {[%clk 0:15:07]}  d6 {[%clk 0:15:09]} 2. d4 {[%clk 0:15:10]}  Nf6 {[%clk 0:15:12]} 3. Nc3 {[%clk 0:15:13]}  g6 {[%clk 0:15:15]} 4. h3 {[%clk 0:15:07]}  Bg7 {[%clk 0:15:18]} 5. Bc4 {[%clk 0:15:05]}  O-O {[%clk 0:15:17]} 6. Nf3 {[%clk 0:15:00]}  Nxe4 {[%clk 0:15:17]} 7. Nxe4 {[%clk 0:14:08]}  d5 {[%clk 0:15:20]} 8. Bxd5 {[%clk 0:13:28]}  Qxd5 {[%clk 0:15:21]} 9. Nc3 {[%clk 0:13:30]}  Qa5 {[%clk 0:15:03]} 10. O-O {[%clk 0:13:26]}  Rd8 {[%clk 0:14:49]} 11. Be3 {[%clk 0:13:03]}  c5 {[%clk 0:14:42]} 12. Qe2 {[%clk 0:11:14]}  b6 {[%clk 0:14:27]} 13. dxc5 {[%clk 0:10:23]}  Ba6 {[%clk 0:14:23]} 14. b4 {[%clk 0:08:52]}  Bxe2 {[%clk 0:14:00]} 15. bxa5 {[%clk 0:08:55]}  Bxc3 {[%clk 0:14:03]} 0-1

[Event "Rapid Tournament (RAP)"]
[Site "Biel, CH"]
[Date "2025.07.13"]
[Round "5"]
[White "Avilova, Yulia"]
[Black "Schaller, Didier"]
[Result "1-0"]
[Board "48"]
[WhiteFideId "34166073"]
[BlackFideId "1314351"]
[WhiteElo "1708"]
[BlackElo "1854"]
[WhiteTeam "SUI"]
[BlackTeam "SUI"]
[WhiteClock "0:11:02"]
[BlackClock "0:00:58"]
[Variant "Standard"]

1. Nf3 {[%clk 0:15:09]}  d5 {[%clk 0:14:59]} 2. c4 {[%clk 0:15:13]}  c6 {[%clk 0:15:02]} 3. e3 {[%clk 0:15:16]}  Nf6 {[%clk 0:14:55]} 4. Nc3 {[%clk 0:15:20]}  e6 {[%clk 0:14:03]} 5. d4 {[%clk 0:15:24]}  Be7 {[%clk 0:14:05]} 6. Bd3 {[%clk 0:15:27]}  O-O {[%clk 0:14:00]} 7. O-O {[%clk 0:15:30]}  Nbd7 {[%clk 0:13:00]} 8. b3 {[%clk 0:15:32]}  Qc7 {[%clk 0:11:56]} 9. Bb2 {[%clk 0:15:28]}  Re8 {[%clk 0:10:29]} 10. e4 {[%clk 0:15:15]}  dxe4 {[%clk 0:10:11]} 11. Nxe4 {[%clk 0:15:18]}  Nxe4 {[%clk 0:10:12]} 12. Bxe4 {[%clk 0:15:21]}  Nf6 {[%clk 0:10:16]} 13. Bc2 {[%clk 0:15:19]}  Bd7 {[%clk 0:06:23]} 14. Qd3 {[%clk 0:15:05]}  g6 {[%clk 0:06:25]} 15. Ne5 {[%clk 0:14:29]}  Rad8 {[%clk 0:06:19]} 16. Rad1 {[%clk 0:13:43]}  c5 {[%clk 0:04:54]} 17. d5 {[%clk 0:13:30]}  exd5 {[%clk 0:04:45]} 18. cxd5 {[%clk 0:13:31]}  Bf5 {[%clk 0:02:32]} 19. Qc3 {[%clk 0:13:22]}  Nxd5 {[%clk 0:01:34]} 20. Rxd5 {[%clk 0:12:43]}  Rxd5 {[%clk 0:01:37]} 21. Nxg6 {[%clk 0:12:14]}  f6 {[%clk 0:01:31]} 22. Bxf5 {[%clk 0:11:13]}  Rxf5 {[%clk 0:01:33]} 23. Qc4+ {[%clk 0:10:40]}  Kg7 {[%clk 0:01:07]} 24. Nxe7 {[%clk 0:11:06]}  Qxe7 {[%clk 0:00:59]} 25. Qg4+ {[%clk 0:11:04]}  Rg5 {[%clk 0:00:58]} 26. Qxg5+ {[%clk 0:11:02]} 1-0

[Event "Rapid Tournament (RAP)"]
[Site "Biel, CH"]
[Date "2025.07.13"]
[Round "5"]
[White "Ding, Shirui"]
[Black "Nihal Saheer"]
[Result "1-0"]
[Board "51"]
[WhiteFideId "8618445"]
[BlackFideId "531012086"]
[WhiteElo "1829"]
[BlackElo "1615"]
[WhiteTeam "CHN"]
[BlackTeam "IND"]
[WhiteClock "0:01:46"]
[BlackClock "0:02:43"]
[Variant "Standard"]

1. d4 {[%clk 0:15:07]}  d5 {[%clk 0:15:09]} 2. c4 {[%clk 0:15:11]}  e5 {[%clk 0:15:09]} 3. dxe5 {[%clk 0:15:07]}  d4 {[%clk 0:15:13]} 4. Nf3 {[%clk 0:15:07]}  Nc6 {[%clk 0:15:15]} 5. Bg5 {[%clk 0:14:40]}  Be7 {[%clk 0:15:01]} 6. Bxe7 {[%clk 0:14:27]}  Qxe7 {[%clk 0:15:03]} 7. Nxd4 {[%clk 0:11:35]}  Qb4+ {[%clk 0:14:26]} 8. Nc3 {[%clk 0:11:32]}  Qxb2 {[%clk 0:14:24]} 9. Ndb5 {[%clk 0:11:10]}  Bf5 {[%clk 0:11:29]} 10. e4 {[%clk 0:04:50]}  Rd8 {[%clk 0:10:57]} 11. Qc1 {[%clk 0:04:39]}  Qxc1+ {[%clk 0:09:35]} 12. Rxc1 {[%clk 0:04:42]}  Bg6 {[%clk 0:09:15]} 13. Nxc7+ {[%clk 0:04:25]}  Kd7 {[%clk 0:08:33]} 14. N7b5 {[%clk 0:04:18]}  Nge7 {[%clk 0:07:55]} 15. f4 {[%clk 0:04:07]}  a6 {[%clk 0:07:23]} 16. Nd6 {[%clk 0:03:44]}  Kc7 {[%clk 0:07:23]} 17. f5 {[%clk 0:02:33]}  Bh5 {[%clk 0:07:17]} 18. g4 {[%clk 0:02:21]}  Bxg4 {[%clk 0:07:14]} 19. Nxf7 {[%clk 0:02:23]}  Rhf8 {[%clk 0:05:50]} 20. Nxd8 {[%clk 0:02:24]}  Rxd8 {[%clk 0:05:53]} 21. Rg1 {[%clk 0:02:22]}  Nxe5 {[%clk 0:05:55]} 22. Nd5+ {[%clk 0:02:14]}  Nxd5 {[%clk 0:05:55]} 23. cxd5+ {[%clk 0:02:16]}  Kd6 {[%clk 0:05:49]} 24. Rg3 {[%clk 0:02:14]}  Bf3 {[%clk 0:04:58]} 25. Rxg7 {[%clk 0:01:52]}  Bxe4 {[%clk 0:04:48]} 26. Rxb7 {[%clk 0:01:50]}  Bxf5 {[%clk 0:04:26]} 27. Rb6+ {[%clk 0:01:26]}  Ke7 {[%clk 0:04:04]} 28. Rc7+ {[%clk 0:01:14]}  Ke8 {[%clk 0:03:23]} 29. Bg2 {[%clk 0:01:02]}  Nd3+ {[%clk 0:02:47]} 30. Kf1 {[%clk 0:00:55]}  Nf4 {[%clk 0:02:38]} 31. d6 {[%clk 0:00:43]}  Ne6 {[%clk 0:01:44]} 32. Re7+ {[%clk 0:00:36]}  Kf8 {[%clk 0:01:48]} 33. Bd5 {[%clk 0:00:12]}  Rxd6 {[%clk 0:01:16]} 34. Rxe6 {[%clk 0:00:13]}  Rxb6 {[%clk 0:01:08]} 35. Rxb6 {[%clk 0:00:16]}  Ke7 {[%clk 0:01:09]} 36. Bf3 {[%clk 0:00:19]}  Bh3+ {[%clk 0:01:08]} 37. Kf2 {[%clk 0:00:23]}  Bc8 {[%clk 0:01:04]} 38. Bb7 {[%clk 0:00:25]}  Be6 {[%clk 0:01:03]} 39. Bxa6 {[%clk 0:00:28]}  h5 {[%clk 0:01:05]} 40. Be2 {[%clk 0:00:31]}  h4 {[%clk 0:01:09]} 41. Rb4 {[%clk 0:00:34]}  h3 {[%clk 0:01:12]} 42. Rh4 {[%clk 0:00:37]}  Kd6 {[%clk 0:01:15]} 43. Bg4 {[%clk 0:00:40]}  Bxa2 {[%clk 0:01:18]} 44. Rxh3 {[%clk 0:00:43]}  Ke7 {[%clk 0:01:22]} 45. Rf3 {[%clk 0:00:42]}  Ke8 {[%clk 0:01:25]} 46. h4 {[%clk 0:00:45]}  Bg8 {[%clk 0:01:27]} 47. Bh5+ {[%clk 0:00:43]}  Ke7 {[%clk 0:01:31]} 48. Bg6 {[%clk 0:00:46]}  Ke6 {[%clk 0:01:31]} 49. h5 {[%clk 0:00:49]}  Ke7 {[%clk 0:01:33]} 50. h6 {[%clk 0:00:53]}  Ke6 {[%clk 0:01:37]} 51. h7 {[%clk 0:00:55]}  Bxh7 {[%clk 0:01:41]} 52. Bxh7 {[%clk 0:00:59]}  Ke5 {[%clk 0:01:45]} 53. Ke3 {[%clk 0:01:01]}  Kd5 {[%clk 0:01:47]} 54. Rf4 {[%clk 0:01:04]}  Ke5 {[%clk 0:01:51]} 55. Rh4 {[%clk 0:01:08]}  Kd5 {[%clk 0:01:55]} 56. Bb1 {[%clk 0:01:04]}  Ke5 {[%clk 0:01:59]} 57. Rh5+ {[%clk 0:01:08]}  Kf6 {[%clk 0:02:02]} 58. Kf4 {[%clk 0:01:12]}  Ke6 {[%clk 0:02:06]} 59. Bc2 {[%clk 0:01:11]}  Kd6 {[%clk 0:02:10]} 60. Ke4 {[%clk 0:01:15]}  Kc6 {[%clk 0:02:14]} 61. Kd4 {[%clk 0:01:19]}  Kb6 {[%clk 0:02:18]} 62. Kc4 {[%clk 0:01:23]}  Ka6 {[%clk 0:02:22]} 63. Kb4 {[%clk 0:01:27]}  Kb6 {[%clk 0:02:27]} 64. Rh6+ {[%clk 0:01:31]}  Ka7 {[%clk 0:02:31]} 65. Kb5 {[%clk 0:01:34]}  Kb7 {[%clk 0:02:35]} 66. Rh7+ {[%clk 0:01:38]}  Ka8 {[%clk 0:02:39]} 67. Kb6 {[%clk 0:01:42]}  Kb8 {[%clk 0:02:43]} 68. Rh8# {[%clk 0:01:46]} 1-0